00437nam a2200181 a 4500001001300000003000900013005001700022008004100039020001200080082001300092100002000105245001600125260002600141300000900167500003500176505002400211650002000235nice12345678IN_TiNIC20260116013530.0050524s1994 lona grp 000 0 eng  ac254.600a823bFUE aFuentes, Carlos aOrange Tree aLondonbPicadorc1994 a229p aincludes index and biblioraphy2 aBibliography, Index aEnglish-Fiction